| 000 | 00930nam a22002657a 4500 | ||
|---|---|---|---|
| 001 | 26607 | ||
| 003 | UA-OsUOA | ||
| 005 | 20230130135957.0 | ||
| 007 | ta | ||
| 008 | 20040607b un ||||| |||| 00| 0 ukr d | ||
| 020 | _a5710100110 | ||
| 040 |
_aUA-OsUOA _brus _cUA-OsUOA _dUA-OsUOA |
||
| 041 | _arus | ||
| 044 | _aUA | ||
| 080 | _a234 | ||
| 090 |
_a234 _bШ71 |
||
| 100 | _aШмаков В. | ||
| 245 |
_aЗакон синархии и учение о двойственной иерархии монад и множеств _cВладимир Шмаков |
||
| 260 |
_aКиев _bСофия _c1994 |
||
| 300 | _a320 с. | ||
| 490 | _aСистема эзотерической философии | ||
| 650 | 7 |
_2UDC _a234 Релігії, які виникли на індійському субконтиненті. індійська релігія в широкому розумінні |
|
| 942 |
_cBK _2udc |
||
| 955 | _a4 | ||
| 999 |
_c312932 _d312932 |
||